000
00212nam a2200109Ia 4500
100
_a
ODIORNE/GEORGE.
942
_c
BK
245
_a
MANAGEMENT BY OBJECTIVES.
260
_b
#N/A
546
_a
ENGLISH
999
_c
25848
_d
25848